00734cam a2200217 a 45000010008000000030004000080050017000120080041000290100017000700200015000870400018001020430021001200500021001412450108001622600045002703000025003155040051003406510041003916510051004327000033004831551634OSt20180117085947.0910815s1990 nyu b 000 0 eng  a 91183524  a0745008453 aDLCcDLCdDLC aa------aas-----00aDS341b.P68 199004aThe post-colonial state in Asia :bdialectics of politics and culture /cedited by Subrata Kumar Mitra. aNew York :bHarvester Wheatsheaf,c1990. axi, 257 p. ;c23 cm. aIncludes bibliographical references and index. 0aSouth AsiaxPolitics and government. 0aSoutheast AsiaxPolitics and governmenty1945-1 aMitra, Subrata Kumar,d1949-